Gendering Orientalism (Record no. 9519)
[ view plain ]
| 000 -LEADER | |
|---|---|
| fixed length control field | 00620nam a2200241 a 4500 |
| 020 ## - INTERNATIONAL STANDARD BOOK NUMBER | |
| ISBN | 0415905 |
| 082 00 - DEWEY DECIMAL CLASSIFICATION NUMBER | |
| Classification number | 305.4 |
| Author Cutter | LEW |
| 100 ## - MAIN ENTRY--AUTHOR NAME | |
| Author name | Lewis, Reina |
| 245 ## - TITLE STATEMENT | |
| Title | Gendering Orientalism |
| Sub title | Race, Feminity and Representation. |
| 260 ## - PUBLICATION, DISTRIBUTION, ETC. (IMPRINT) | |
| Place of publication | London |
| Name of publisher | Routledge Chapman Hall |
| Year of publication | 1996 |
| 300 ## - PHYSICAL DESCRIPTION | |
| Number of Pages | 267p. |
| 500 ## - GENERAL NOTE | |
| General note | includes index and biblioraphy |
| 505 2# - FORMATTED CONTENTS NOTE | |
| Formatted contents note | Index |
| 650 ## - SUBJECT ADDED ENTRY--TOPICAL TERM | |
| Topical Term | Orientalism-Gender |
| 942 ## - ADDED ENTRY ELEMENTS (KOHA) | |
| Koha item type | Books |
| 700 1# - | |
| -- | Lewis, Reina |
| Collection code | Home library | Current library | Date acquired | Cost, normal purchase price | Full call number | Accession Number | Koha item type |
|---|---|---|---|---|---|---|---|
| Henry Martyn Institute Library | Henry Martyn Institute Library | 03/20/2007 | 12.00 | 305.4 LEW | 019557 | Books |
